Normal view
MARC view
Entry Personal Name
001 - CONTROL NUMBER
- control field: 45507
003 - CONTROL NUMBER IDENTIFIER
- control field: dpl
005 - DATE AND TIME OF LATEST TRANSACTION
- control field: 20120420151046.0
008 - FIXED-LENGTH DATA ELEMENTS
- fixed length control field: 120420|||a|||||| | ||| d
040 ## - CATALOGING SOURCE
- Original cataloging agency: dpl
- Transcribing agency: dpl
100 ## - HEADING--PERSONAL NAME
- Personal name: Pradhan, N.
670 ## - SOURCE DATA FOUND
- Source citation: Work cat.: (dpl): 45189, Women in educational management :, 2009
670 ## - SOURCE DATA FOUND
- Source citation: Work cat.: (dpl): 45189, Women in educational management :, 2009
